Responses for show #3359 - Thursday, March 25, 1999

Contestants

[<< previous game]

Brian Keenan, a paratrooper from Fort Bragg, North Carolina

Ajuan Mance, an English professor from Eugene, Oregon

Brad Nail, a liability analyst from West Palm Beach, Florida (whose 1-day cash winnings total $1,999)

[next game >>]

Jeopardy! Round responses

DISNEYLANDS
MUSEUM OF TELEVISION & RADIO
MEDIEVAL TIMES
SIX FLAGS
SEA WORLD
UNIVERSAL "STUDIO"s
    $100 24
1950s

Brian
    $100 1
War of the Worlds

Brad
    $100 21
Salute

Ajuan
    $100 6
North & South Korea

Ajuan
    $100 11
Killer whale

Brian
    $100 16
Studio apartment

Brad
    $200 27
Mr. Toad's Wild Ride

Brian
    $200 2
Monty Python

Brian
    $200 22
Richard III

Triple Stumper
    $200 7
(A: What is New Zealand?)

Australia

AjuanBrian
    $200 12
Seven Seas

Brad
    $200 17
Studio 54

Ajuan
    $300 28
Sleeping Beauty

Brad
    $300 3
Happy Days

Brad
    $300 23
(Brian: What is Canterbury?)

Salisbury

Brian
Triple Stumper
    $300 8
(Brian: What is Tibet?)

Nepal

AjuanBrian
    $300 13
Crab

Ajuan
    $300 18
Studio musician

Ajuan
    $400 29
Pirates of the Caribbean

Ajuan
    $400 4
Edward R. Murrow

Brad
    $800 25
"Beowulf"

Brian
    $400 9
Turkey

Brian
    $400 14
Marianas Trench

Brian
    $400 19
Actors Studio

Brad
    $500 30
France & Japan

Ajuan
    $500 5
Vacuum tube

Brad
    $500 26
Bede

Brad
    $500 10
Cyprus

Ajuan
    $500 15
Sea cucumber

Brad
    $500 20
Sun Records Studio

Ajuan

Scores at the first commercial break (after clue 15):

Brad Ajuan Brian
$2,000 $1,000 $1,000

Scores at the end of the Jeopardy! Round:

Brad Ajuan Brian
$3,300 $3,000 $1,800

Double Jeopardy! Round responses

HISTORIC NAMES
"T"HEATER
THE STARS
WHERE ARE THEY NOW?
CANINE & FELINE FILM TITLES
WRITERS' RHYME TIME
    $200 21
Tony Awards

Ajuan
    $200 16
Milky Way

Brian
    $200 1
"Mean" Joe Greene

Brian
    $200 11
The Lion King

Brian
    $200 6
Paddy's caddies

Brad
    $400 29
(buzzer sounds)

Mother Teresa

Brad
    $400 22
Jessica Tandy (his wife)

Brian
    $400 17
Light years

Brian
    $400 2
Phyllis George

Ajuan
    $400 12
The Pink Panther

Ajuan
    $400 7
(Brad: What is Pearl's...[time]?)

Pearl's curls

BradAjuan
    $600 28
(Brad: Who is Farragut?)

Jean Lafitte

Brad
Triple Stumper
    $600 23
Toys in the Attic

Triple Stumper
    $600 18
(Brian: What is Sirius?)

Alpha Centauri

Brian
Triple Stumper
    $600 3
Brigitte Bardot

Ajuan
    $600 13
The Day of the Jackal

Brian
    $600 8
(Brian: What are Fry's cries?)

Greer's tears

AjuanBrian
    $1,200 26
(Brian: Who is John Paul Jones?)
(less than a minute to go...)

James Cook

Brian
    $800 24
Ivan Turgenev

Triple Stumper
    $800 19
(Brad: What is brilliance?)
(Briah: What is magna?)

Magnitude

BradBrian
Triple Stumper
    $800 4
Troy Donahue

Triple Stumper
    $800 14
(A: "What's New, Pussycat?")

What's Up, Tiger Lily?

Ajuan
Triple Stumper
    $800 9
Greene's beans

Brian
    $1000 27
Peter the Hermit

Triple Stumper
    $1000 25
Tartuffe

Triple Stumper
    $1,500 20
Black hole

Brian
    $1000 5
Madalyn Murray O'Hair

Triple Stumper
    $1000 15
The Owl and the Pussycat

Triple Stumper
    $1000 10
Mamet's Hammetts

Triple Stumper

Scores at the end of the Double Jeopardy! Round:

Brad Ajuan Brian
$2,100 $4,800 $2,900

[wagering suggestions for these scores]

Final Jeopardy! Round responses

CITY & STATE
(Alex: We need both the city & the state in the Final.)
BradWhat is Oxford, Mississippi?
$1,700
BrianWhat is Nashville, TN?
$2,000
AjuanWhat is [New Orleans] Athens, GA
$1,001
Athens, Georgia

Final scores:

Brad Ajuan Brian
$400 $5,801 $900
3rd place: Motorola TracFone & 6 Months Airtime New champion: $5,801 2nd place: Trip to New Orleans for Mardi Gras

Game dynamics:

Coryat scores:

Brad Ajuan Brian
$2,100 $4,800 $3,200
12 R,
3 W
16 R,
2 W
16 R
(including 2 DDs),
6 W
(including 1 DD)

Combined Coryat: $10,100

The J! Archive is created by fans, for fans. The Jeopardy! game show and all elements thereof, including but not limited to copyright and trademark thereto, are the property of Jeopardy Productions, Inc. and are protected under law. This website is not affiliated with, sponsored by, or operated by Jeopardy Productions, Inc. Join the discussion at JBoard.tv.